Human rights and democracy : (Record no. 1827)

MARC details
000 -LEADER
fixed length control field 01540cam a22003254a 4500
001 - CONTROL NUMBER
control field 13868711
003 - CONTROL NUMBER IDENTIFIER
control field OSt
005 - DATE AND TIME OF LATEST TRANSACTION
control field 20230620145851.0
008 - FIXED-LENGTH DATA ELEMENTS--GENERAL INFORMATION
fixed length control field 050211s2005 enk b 001 0 eng
010 ## - LIBRARY OF CONGRESS CONTROL NUMBER
LC control number 2005004125
020 ## - INTERNATIONAL STANDARD BOOK NUMBER
International Standard Book Number 0754644863 (alk. paper)
040 ## - CATALOGING SOURCE
Original cataloging agency DLC
Transcribing agency DLC
Modifying agency DLC
042 ## - AUTHENTICATION CODE
Authentication code pcc
082 00 - DEWEY DECIMAL CLASSIFICATION NUMBER
Classification number 323.01
Item number ERM
100 1# - MAIN ENTRY--PERSONAL NAME
Personal name Erman, Eva.
245 10 - TITLE STATEMENT
Title Human rights and democracy :
Remainder of title discourse theory and global rights institutions /
Statement of responsibility, etc. by Eva Erman.
260 ## - PUBLICATION, DISTRIBUTION, ETC. (IMPRINT)
Place of publication, distribution, etc. Aldershot, Hampshire ;
-- Burlington, VT, USA :
Name of publisher, distributor, etc. Ashgate,
Date of publication, distribution, etc. c2005.
300 ## - PHYSICAL DESCRIPTION
Extent 243 p. ;
Dimensions 24 cm.
500 ## - GENERAL NOTE
General note Revision of the author's thesis (doctoral) originally presented under the title: Action and institution.
504 ## - BIBLIOGRAPHY, ETC. NOTE
Bibliography, etc Includes bibliographical references (p. [231]-238) and index.
505 0# - FORMATTED CONTENTS NOTE
Formatted contents note The interdependence of human rights and democracy -- The absence of political rights in the rights discourse -- A discourse theory based on action rules of language -- Legitimizing rights through democratic means -- Towards an institutional design -- The reflexive use of rights.
650 #0 - SUBJECT ADDED ENTRY--TOPICAL TERM
Topical term or geographic name as entry element Human rights.
650 #0 - SUBJECT ADDED ENTRY--TOPICAL TERM
Topical term or geographic name as entry element Democracy.
650 #0 - SUBJECT ADDED ENTRY--TOPICAL TERM
Topical term or geographic name as entry element Discourse analysis.
700 1# - ADDED ENTRY--PERSONAL NAME
Personal name Erman, Eva.
Title of a work Action and institution.
856 41 - ELECTRONIC LOCATION AND ACCESS
Materials specified Table of contents
Uniform Resource Identifier <a href="http://www.loc.gov/catdir/toc/ecip058/2005004125.html">http://www.loc.gov/catdir/toc/ecip058/2005004125.html</a>
906 ## - LOCAL DATA ELEMENT F, LDF (RLIN)
a 7
b cbc
c orignew
d 1
e ecip
f 20
g y-gencatlg
942 ## - ADDED ENTRY ELEMENTS (KOHA)
Source of classification or shelving scheme Dewey Decimal Classification
Koha item type Books
Holdings
Withdrawn status Lost status Source of classification or shelving scheme Damaged status Not for loan Home library Current library Date acquired Total Checkouts Full call number Barcode Date last seen Price effective from Koha item type
    Dewey Decimal Classification     County Hall Archives County Hall Archives 06/20/2023   323.01 ERM 10013911 06/20/2023 06/20/2023 Books
LIBRARY OPENING HOURS

When the Parliament is sitting: 8.00a.m - 7.00p.m or until the house adjourns
Mondays and Fridays and when the House is on Recess:  8.00a.m - 5.00p.m
Closed on Weekends and Public Holidays

Online Public Access Catalog (OPAC)
Website: http://www.parliament.go.ke
Bunge Library: https://libraryir.parliament.go.ke
Contact: library@parliament.go.ke | Tel no: (254-2)2221291 or 2848000 Ext 5043